| 000 | 00685ngm a2200181 a 4500 | ||
|---|---|---|---|
| 005 | 20250218063824.0 | ||
| 008 | 010709s1998 mx 047 daspa d | ||
| 035 | _aUPN01000109418 | ||
| 049 | _aAV | ||
| 050 | 4 | _aPVI GV 865 | |
| 245 | 0 | 0 |
_aHistoria del futbol mexicano 3 : _bel futbol nuestro de cada día. |
| 260 |
_aMéxico : _bClío, _c1998. |
||
| 300 |
_a1 videocasete (VHS) (47 min.) : _bson., col. |
||
| 440 | 0 |
_aMéxico siglo XX. _pEl deporte |
|
| 520 | _aA pesar de ciertos tropiezos significativos, en los últimos años han aparecido camadas de jugadores mejor dotados técnicamente y con una nueva mentalidad | ||
| 650 | 2 |
_aFutbol (Soccer) _917143 |
|
| 905 | _aAudiovisuales | ||
| 999 |
_c83329 _d83329 |
||